000 01133nmm a2200325 a 4500
001 ocm000602090
003 TR-IsHL
005 20201028130236.0
008 130927s2001 tu eng
007 cr cn
020 _a9789759675165
035 _a602090
_b(N$T)
050 0 4 _aHC492
_b.H38 2001
090 0 4 _aHC492
_b.H38 2001
100 1 _aHatiboğlu, Zeyyat
245 1 0 _aConventional and unconventional economic analysis: suggested and validated by the Turkish experience
_h[electronic resource] /
_cZeyyat Hatiboğlu
250 _a1 bs.
260 _aİstanbul :
_bLebib Yalkın Yayınları,
_c2001
300 _a344 p.
650 4 _aEkonomi ve Finans
650 4 _aEconomics and Finance
650 0 _aEkonomi politikası
_x Türkiye
650 0 _aEconomic policy
_x Turkey
650 0 _aTürkiye
_x Ekonomik koşullar
650 0 _aTurkey
_x Economic conditions
650 0 _aEkonomi
_x Türkiye
650 0 _aEconomics
_x Turkey
650 7 _aBUSINESS & ECONOMICS / Economic Conditions
_2bisacsh
856 4 0 _uhttp://search.ebscohost.com/login.aspx?direct=true&scope=site&db=e011xww&AN=602090
999 _c3917
_d3917